000
00233nam a2200097Ia 4500
001
641732
005
20250826153513.0
008
250824s9999 xx 000 0 und d
245
0
_a
ACABA NE OLSAM? DOKTOR
_c
TOPRAK IŞIK
260
_b
TUDEM
999
_c
641732
_d
641732